000 02244cam a22004694i 4500
003 PE-LiUPU
005 20250731184521.0
008 150617s r 000 0 d
035 _a(Sirsi) a18726
040 _aPE-LiUPU
_bspa
_cPE-LiUPU
_erda
049 _aPRUA
082 0 4 _a918.508
_bD419
_221
245 0 0 _aDepartamento de Tumbes /
_c[director, Pedro Felipe Cortázar].
264 1 _aLima :
_bIOPPE,
_c1986.
300 _a159 páginas :
_bilustraciones, mapas ;
_c21 cm.
336 _atext
_2rdacontent
337 _aunmediated
_2rdamedia
338 _avolume
_2rdacarrier
490 0 _aDocumental del Perú. Enciclopedia Nacional Básica ;
_v25
505 0 _aUn bello litoral -- Parque Nacional Los Cerros de Amotape -- Rutas -- Ciudad de Tumbes -- Frontera con el Ecuador -- Los "Concheros" -- Platos típicos -- Tumbes Pre-hispánico -- La gesta de la conquista del Perú -- La cruz de Pizarro -- Bolívar en Tumbes -- Castilla y Tumbes -- El conflicto con el Ecuador en 1941 -- Los desastres naturales de "El Niño en 1982-83" -- ¿Qué es el fenómeno de El Niño? -- Problemática departamental -- Proyecto binacional Puyango - Tumbes -- Reflexiones sobre la problemática municipal y regional.
520 _aContiene característica generales del departamento de Tumbes, geografía: su litoral, Parque Nacional los cerros de Amotape, ciudad de Tumbes, Frontera con Eucador; folklore: las Concheros, historia; la conquista del Perú, conflicto con Ecuador, problemática económica, Proyecto binacional Puyango-Tumbes.
526 _aP136
526 _aP135
526 _aP134
526 _aP133
526 _aP144
526 _aP143
526 _aP87
526 _aP35
526 _aP20
526 _aP14
526 _aP10
526 _aP06
651 1 8 _aTumbes (Perú : Departamento)
_xDescripciones y viajes.
_95156
651 2 8 _aTumbes (Perú : Departamento)
_xHistoria.
_95157
700 1 _aCortázar, Pedro Felipe,
_d1925-
_edirector.
910 _ajck
942 _2ddc
_cBK
949 _wDEWEY
_c1
_i27745
_lCCODEBUL1
_mBUL
_p00.00
_r0
_sY
_tBOOK
_u2015-04-22
_xEDUCACION
_zUNKNOWN
_0COMPRA
_o.STAFF. Colección General
980 _81
_gALBERTO SANCHEZ Responsable de Automatización
999 _c18449
_d18449